02520 2200349 4500001002100000005001500021035002000036245003700056100002200093250001100115300002700126700002900153260004600182082001400228084002000242020002200262650001300284520158000297008004101877990002101918990002101939990002101960990002101981990002102002990002102023990002102044990002102065990002102086990002102107990002102128990002102149INLIS00000000001420220231016113557 a0010-10230000371 aLITERASI DAN PENDIDIKAN LITERASI0 aDadang S. Anshori aCet. 1 aviii, 192 hlm.; 24 cm.0 aVismaia Sabariah Nurbaya aBandung :bSimbiosa Rekatama Media,c2021 a374.012 4 a374.012 4 DAD l a978-623-6625-46-0 aLiterasi aSecara sederhana, literasi diartikan sebagai proses mencerna informasi melalui aktivitas membaca dan menulis. Pengertian lebih umum dari literasi adalah interaksi individu dengan teks. Literasi dipahami sebagai aksi, dan teks adalah muara dari aksi literasi. Untuk dapat menyelami kedalaman makna yang terkandung dalam lautan teks, kita harus melakukan aksi literasi, yaitu membaca. Dengan demikian, literasi merupakan pelembagaan dari budaya interaksi manusia dengan teks. Literasi tidak lagi menjadi kajian eksklusif dalam bidang pendidikan bahasa (applied linguistici. tetapi merupakan keterampilan praktis (practical skills) inklusif yang dibutuhkan di semua bidang keahlian. Literasi dipercaya sebagai alat untuk meningkatkan kapasitas dan kemampuan seseorang dalam menghadapi perubahan. Dengan kompetensi literasi, seseorang dapat mengolah informasi untuk pengembangan karier dan masa depannya. Buku ini tidak hanya memberikan pemahaman tentang apa dan bagaimana literasi, tetapi juga bagaimana aplikasi literasi dalam konteks global serta tantangan kehidupan. Literasi diharapkan menjadi instrumen bagi capaian individu dalam menyelesaikan masalah hidup, memberikan pengalaman, dan menumbuhkan ekspektasi baru. Dalam buku ini juga, literasi disajikan sebagai aksi atau gerakan budaya yang masif dengan melibatkan isu-isu serta tantangan kontemporer yang dihadapi umat manusia secara global. Buku ini akan sangat bermanfaat tidak hanya bagi mahasiswa dan akademisi di bidang pendidikan bahasa, tetapi juga para pendidik serta masyarakat pada umumnya.231016 g 0 ind  a023.2152/PC/2023 a023.2153/PC/2023 a023.2154/PC/2023 a023.2153/PC/2023 a023.2152/PC/2023 a023.2154/PC/2023 a023.2152/PC/2023 a023.2153/PC/2023 a023.2154/PC/2023 a023.2154/PC/2023 a023.2152/PC/2023 a023.2153/PC/2023